[Event "Rapid Tournament (RAP)"]
[Site "Biel, CH"]
[Date "2025.07.13"]
[Round "1"]
[White "Bok, Benjamin"]
[Black "Villiger, Jan"]
[Result "1-0"]
[Board "1"]
[WhiteFideId "1017063"]
[BlackFideId "1340891"]
[WhiteTitle "GM"]
[WhiteElo "2585"]
[BlackElo "1827"]
[WhiteTeam "NED"]
[BlackTeam "SUI"]
[WhiteClock "0:04:48"]
[BlackClock "0:01:13"]
[Variant "Standard"]

1. Nf3 {[%clk 0:15:07]}  Nf6 {[%clk 0:15:08]} 2. c4 {[%clk 0:15:11]}  g6 {[%clk 0:15:04]} 3. Nc3 {[%clk 0:15:09]}  d5 {[%clk 0:14:19]} 4. cxd5 {[%clk 0:15:10]}  Nxd5 {[%clk 0:14:14]} 5. h4 {[%clk 0:15:11]}  Bg4 {[%clk 0:13:18]} 6. Qb3 {[%clk 0:12:09]}  Bxf3 {[%clk 0:09:32]} 7. gxf3 {[%clk 0:11:49]}  Nb6 {[%clk 0:08:29]} 8. h5 {[%clk 0:11:49]}  Bg7 {[%clk 0:08:30]} 9. e3 {[%clk 0:11:46]}  Nc6 {[%clk 0:08:13]} 10. Ne4 {[%clk 0:09:10]}  Qd5 {[%clk 0:07:43]} 11. Qxd5 {[%clk 0:09:12]}  Nxd5 {[%clk 0:07:47]} 12. Bc4 {[%clk 0:08:41]}  Ndb4 {[%clk 0:07:09]} 13. Ke2 {[%clk 0:08:58]}  Ne5 {[%clk 0:06:30]} 14. Bb3 {[%clk 0:08:55]}  Ned3 {[%clk 0:06:18]} 15. a3 {[%clk 0:08:32]}  Nxc1+ {[%clk 0:06:07]} 16. Raxc1 {[%clk 0:08:35]}  Nc6 {[%clk 0:06:05]} 17. Ba4 {[%clk 0:07:56]}  O-O {[%clk 0:05:20]} 18. d4 {[%clk 0:07:40]}  Rab8 {[%clk 0:04:36]} 19. b4 {[%clk 0:07:32]}  e5 {[%clk 0:04:08]} 20. h6 {[%clk 0:06:49]}  Bh8 {[%clk 0:04:02]} 21. dxe5 {[%clk 0:06:04]}  Bxe5 {[%clk 0:03:27]} 22. Bxc6 {[%clk 0:06:07]}  bxc6 {[%clk 0:03:30]} 23. Rxc6 {[%clk 0:06:10]}  a5 {[%clk 0:03:29]} 24. f4 {[%clk 0:06:11]}  Bh8 {[%clk 0:02:51]} 25. bxa5 {[%clk 0:06:08]}  Rb2+ {[%clk 0:02:39]} 26. Kf3 {[%clk 0:06:12]}  Ra2 {[%clk 0:02:43]} 27. Rxc7 {[%clk 0:04:55]}  Rxa3 {[%clk 0:02:43]} 28. Ra7 {[%clk 0:04:54]}  Re8 {[%clk 0:01:13]} 29. Rd1 {[%clk 0:04:48]} 1-0

[Event "Rapid Tournament (RAP)"]
[Site "Biel, CH"]
[Date "2025.07.13"]
[Round "1"]
[White "Gallus, Matthias"]
[Black "Yilmaz, Mustafa"]
[Result "0-1"]
[Board "2"]
[WhiteFideId "1322761"]
[BlackFideId "6302718"]
[BlackTitle "GM"]
[WhiteElo "1826"]
[BlackElo "2547"]
[WhiteTeam "SUI"]
[BlackTeam "TUR"]
[WhiteClock "0:00:11"]
[BlackClock "0:02:36"]
[Variant "Standard"]

1. d4 {[%clk 0:15:09]}  d5 {[%clk 0:15:08]} 2. c4 {[%clk 0:15:13]}  e6 {[%clk 0:15:11]} 3. Nf3 {[%clk 0:15:16]}  Nf6 {[%clk 0:15:13]} 4. Nc3 {[%clk 0:15:15]}  Bb4 {[%clk 0:14:56]} 5. Bd2 {[%clk 0:14:55]}  O-O {[%clk 0:14:36]} 6. e3 {[%clk 0:14:51]}  b6 {[%clk 0:14:38]} 7. cxd5 {[%clk 0:14:42]}  exd5 {[%clk 0:14:41]} 8. Bd3 {[%clk 0:14:30]}  Ba6 {[%clk 0:14:18]} 9. Qc2 {[%clk 0:14:20]}  Bxd3 {[%clk 0:13:22]} 10. Qxd3 {[%clk 0:14:23]}  Re8 {[%clk 0:13:05]} 11. O-O {[%clk 0:14:23]}  Nbd7 {[%clk 0:13:01]} 12. Rac1 {[%clk 0:13:46]}  a6 {[%clk 0:12:37]} 13. a3 {[%clk 0:13:07]}  Bd6 {[%clk 0:12:37]} 14. Rfe1 {[%clk 0:11:52]}  Qe7 {[%clk 0:11:28]} 15. Qf5 {[%clk 0:11:04]}  Qe6 {[%clk 0:09:23]} 16. Qxe6 {[%clk 0:09:49]}  fxe6 {[%clk 0:08:41]} 17. e4 {[%clk 0:09:01]}  dxe4 {[%clk 0:08:28]} 18. Nxe4 {[%clk 0:09:04]}  Nxe4 {[%clk 0:08:27]} 19. Rxe4 {[%clk 0:09:07]}  Nf6 {[%clk 0:08:25]} 20. Ree1 {[%clk 0:08:29]}  h6 {[%clk 0:07:06]} 21. Ne5 {[%clk 0:07:56]}  Bxe5 {[%clk 0:06:11]} 22. dxe5 {[%clk 0:07:09]}  Nd5 {[%clk 0:06:14]} 23. Be3 {[%clk 0:06:24]}  c5 {[%clk 0:06:03]} 24. Kf1 {[%clk 0:05:23]}  a5 {[%clk 0:06:04]} 25. Ke2 {[%clk 0:05:17]}  Kf7 {[%clk 0:05:49]} 26. Rc4 {[%clk 0:04:47]}  Rad8 {[%clk 0:05:45]} 27. Rcc1 {[%clk 0:02:47]}  Rd7 {[%clk 0:05:47]} 28. g4 {[%clk 0:01:47]}  Red8 {[%clk 0:05:11]} 29. h4 {[%clk 0:01:44]}  Nxe3 {[%clk 0:05:04]} 30. Kxe3 {[%clk 0:01:32]}  Rd3+ {[%clk 0:05:03]} 31. Ke2 {[%clk 0:01:23]}  Rd2+ {[%clk 0:05:06]} 32. Kf1 {[%clk 0:01:27]}  Rxb2 {[%clk 0:05:08]} 33. Rb1 {[%clk 0:01:26]}  Rdd2 {[%clk 0:04:49]} 34. Rxb2 {[%clk 0:01:00]}  Rxb2 {[%clk 0:04:52]} 35. Rd1 {[%clk 0:00:56]}  Ke7 {[%clk 0:03:31]} 36. Rd6 {[%clk 0:00:48]}  c4 {[%clk 0:03:18]} 37. Rc6 {[%clk 0:00:44]}  b5 {[%clk 0:03:17]} 38. f4 {[%clk 0:00:24]}  Kd7 {[%clk 0:02:37]} 39. Rd6+ {[%clk 0:00:19]}  Kc7 {[%clk 0:02:34]} 40. Rxe6 {[%clk 0:00:11]}  c3 {[%clk 0:02:36]} 0-1

[Event "Rapid Tournament (RAP)"]
[Site "Biel, CH"]
[Date "2025.07.13"]
[Round "1"]
[White "Karthikeyan, Murali"]
[Black "Smith, Alister W"]
[Result "1-0"]
[Board "3"]
[WhiteFideId "5074452"]
[BlackFideId "433284"]
[WhiteTitle "GM"]
[WhiteElo "2522"]
[BlackElo "1822"]
[WhiteTeam "IND"]
[BlackTeam "ENG"]
[WhiteClock "0:12:20"]
[BlackClock "0:04:33"]
[Variant "Standard"]

1. Nf3 {[%clk 0:15:08]}  d5 {[%clk 0:15:09]} 2. g3 {[%clk 0:15:05]}  Nf6 {[%clk 0:15:05]} 3. Bg2 {[%clk 0:15:08]}  c5 {[%clk 0:14:36]} 4. O-O {[%clk 0:15:06]}  Nc6 {[%clk 0:14:40]} 5. d4 {[%clk 0:14:40]}  e6 {[%clk 0:14:33]} 6. c4 {[%clk 0:14:32]}  cxd4 {[%clk 0:14:25]} 7. Nxd4 {[%clk 0:14:22]}  Nxd4 {[%clk 0:14:04]} 8. Qxd4 {[%clk 0:14:24]}  Qc7 {[%clk 0:13:50]} 9. cxd5 {[%clk 0:14:16]}  exd5 {[%clk 0:13:24]} 10. Nc3 {[%clk 0:14:09]}  Bc5 {[%clk 0:13:18]} 11. Nxd5 {[%clk 0:13:55]}  Nxd5 {[%clk 0:12:59]} 12. Qxg7 {[%clk 0:13:43]}  Rf8 {[%clk 0:11:46]} 13. Bxd5 {[%clk 0:13:44]}  Bh3 {[%clk 0:11:41]} 14. Bf4 {[%clk 0:13:34]}  Qb6 {[%clk 0:10:19]} 15. Qe5+ {[%clk 0:13:28]}  Be7 {[%clk 0:10:17]} 16. Rfd1 {[%clk 0:12:58]}  Bd7 {[%clk 0:07:53]} 17. Rac1 {[%clk 0:12:55]}  Rc8 {[%clk 0:06:44]} 18. Rxc8+ {[%clk 0:12:45]}  Bxc8 {[%clk 0:06:48]} 19. Qb8 {[%clk 0:12:28]}  Qc5 {[%clk 0:04:33]} 20. Bxb7 {[%clk 0:12:20]} 1-0

[Event "Rapid Tournament (RAP)"]
[Site "Biel, CH"]
[Date "2025.07.13"]
[Round "1"]
[White "Di Meo, Quentin"]
[Black "Kobalia, Mikhail"]
[Result "0-1"]
[Board "4"]
[WhiteFideId "1338498"]
[BlackFideId "4119150"]
[BlackTitle "GM"]
[WhiteElo "1821"]
[BlackElo "2509"]
[WhiteTeam "SUI"]
[BlackTeam "FID"]
[WhiteClock "0:00:09"]
[BlackClock "0:07:14"]
[Variant "Standard"]

1. Nf3 {[%clk 0:15:06]}  d6 {[%clk 0:14:59]} 2. e3 {[%clk 0:15:03]}  e5 {[%clk 0:14:57]} 3. c4 {[%clk 0:14:22]}  Nf6 {[%clk 0:14:06]} 4. Nc3 {[%clk 0:14:08]}  c6 {[%clk 0:14:03]} 5. Be2 {[%clk 0:13:53]}  Be7 {[%clk 0:13:59]} 6. O-O {[%clk 0:13:00]}  O-O {[%clk 0:14:02]} 7. b3 {[%clk 0:12:46]}  Re8 {[%clk 0:14:03]} 8. Bb2 {[%clk 0:12:22]}  Bf8 {[%clk 0:14:07]} 9. d4 {[%clk 0:10:22]}  e4 {[%clk 0:14:09]} 10. Nd2 {[%clk 0:10:12]}  d5 {[%clk 0:14:13]} 11. Rc1 {[%clk 0:09:27]}  a6 {[%clk 0:13:07]} 12. h3 {[%clk 0:07:51]}  Bd6 {[%clk 0:12:36]} 13. Re1 {[%clk 0:07:24]}  Nbd7 {[%clk 0:12:30]} 14. Nf1 {[%clk 0:06:21]}  Nf8 {[%clk 0:12:32]} 15. Na4 {[%clk 0:04:53]}  Ng6 {[%clk 0:12:23]} 16. cxd5 {[%clk 0:03:55]}  cxd5 {[%clk 0:12:16]} 17. Nc5 {[%clk 0:03:45]}  Nh4 {[%clk 0:12:15]} 18. f4 {[%clk 0:02:42]}  exf3 {[%clk 0:11:19]} 19. Bxf3 {[%clk 0:02:38]}  Ne4 {[%clk 0:10:56]} 20. Nxe4 {[%clk 0:01:47]}  dxe4 {[%clk 0:10:53]} 21. Bg4 {[%clk 0:01:44]}  Qg5 {[%clk 0:10:35]} 22. Qe2 {[%clk 0:01:07]}  f5 {[%clk 0:09:45]} 23. g3 {[%clk 0:00:30]}  fxg4 {[%clk 0:09:29]} 24. gxh4 {[%clk 0:00:24]}  Qxh4 {[%clk 0:09:31]} 25. hxg4 {[%clk 0:00:13]}  Bxg4 {[%clk 0:09:34]} 26. Qc4+ {[%clk 0:00:06]}  Be6 {[%clk 0:09:18]} 27. d5 {[%clk 0:00:10]}  Qg5+ {[%clk 0:07:11]} 28. Kf2 {[%clk 0:00:09]}  Rf8+ {[%clk 0:07:08]} 29. Ke2 {[%clk 0:00:08]}  Qg2+ {[%clk 0:07:11]} 30. Kd1 {[%clk 0:00:09]}  Bg4+ {[%clk 0:07:14]} 0-1

[Event "Rapid Tournament (RAP)"]
[Site "Biel, CH"]
[Date "2025.07.13"]
[Round "1"]
[White "Panchanathan, Magesh Chandran"]
[Black "Fortier, Nicolas"]
[Result "1-0"]
[Board "5"]
[WhiteFideId "5007429"]
[BlackFideId "1308750"]
[WhiteTitle "GM"]
[WhiteElo "2454"]
[BlackElo "1816"]
[WhiteTeam "IND"]
[BlackTeam "SUI"]
[WhiteClock "0:05:15"]
[BlackClock "0:03:33"]
[Variant "Standard"]

1. c4 {[%clk 0:15:09]}  e5 {[%clk 0:15:08]} 2. g3 {[%clk 0:15:12]}  Nf6 {[%clk 0:15:07]} 3. Bg2 {[%clk 0:15:15]}  c6 {[%clk 0:15:07]} 4. Nc3 {[%clk 0:14:29]}  Bb4 {[%clk 0:14:33]} 5. Qb3 {[%clk 0:14:17]}  Bxc3 {[%clk 0:14:04]} 6. Qxc3 {[%clk 0:14:20]}  d6 {[%clk 0:13:54]} 7. d4 {[%clk 0:14:09]}  Nbd7 {[%clk 0:13:23]} 8. dxe5 {[%clk 0:14:01]}  Nxe5 {[%clk 0:13:12]} 9. Nf3 {[%clk 0:12:37]}  Ng6 {[%clk 0:11:21]} 10. O-O {[%clk 0:12:29]}  O-O {[%clk 0:11:16]} 11. Rd1 {[%clk 0:12:27]}  Qe7 {[%clk 0:10:49]} 12. b3 {[%clk 0:08:44]}  Qe6 {[%clk 0:09:17]} 13. Bb2 {[%clk 0:08:03]}  Re8 {[%clk 0:08:09]} 14. Rd2 {[%clk 0:09:31]}  Ne5 {[%clk 0:07:33]} 15. Nxe5 {[%clk 0:09:01]}  dxe5 {[%clk 0:07:26]} 16. Rad1 {[%clk 0:09:05]}  h6 {[%clk 0:06:40]} 17. h3 {[%clk 0:08:26]}  Qf5 {[%clk 0:06:22]} 18. Rd8 {[%clk 0:07:50]}  Bd7 {[%clk 0:05:21]} 19. Rxa8 {[%clk 0:07:46]}  Rxa8 {[%clk 0:05:24]} 20. Qxe5 {[%clk 0:07:45]}  Qxe5 {[%clk 0:04:51]} 21. Bxe5 {[%clk 0:07:48]}  Bf5 {[%clk 0:04:39]} 22. g4 {[%clk 0:07:51]}  Bg6 {[%clk 0:04:07]} 23. f4 {[%clk 0:07:51]}  Be4 {[%clk 0:02:49]} 24. Bxf6 {[%clk 0:06:29]}  Bxg2 {[%clk 0:04:02]} 25. Kxg2 {[%clk 0:06:33]}  gxf6 {[%clk 0:03:58]} 26. Rd7 {[%clk 0:06:35]}  Rb8 {[%clk 0:04:07]} 27. Kf3 {[%clk 0:06:32]}  Kf8 {[%clk 0:04:10]} 28. Rc7 {[%clk 0:06:36]}  a5 {[%clk 0:04:06]} 29. Ke4 {[%clk 0:05:56]}  Kg7 {[%clk 0:04:00]} 30. Rd7 {[%clk 0:04:42]}  b5 {[%clk 0:03:42]} 31. c5 {[%clk 0:04:37]}  Re8+ {[%clk 0:03:30]} 32. Kd3 {[%clk 0:05:12]}  Re6 {[%clk 0:03:33]} 33. e4 {[%clk 0:05:15]} 1-0

[Event "Rapid Tournament (RAP)"]
[Site "Biel, CH"]
[Date "2025.07.13"]
[Round "1"]
[White "Beck, Thomas"]
[Black "Gloeckler, Christian"]
[Result "0-1"]
[Board "6"]
[WhiteFideId "1304909"]
[BlackFideId "34608966"]
[BlackTitle "FM"]
[WhiteElo "1809"]
[BlackElo "2353"]
[WhiteTeam "SUI"]
[BlackTeam "GER"]
[WhiteClock "0:00:00"]
[BlackClock "0:07:02"]
[Variant "Standard"]

1. g3 {[%clk 0:15:09]}  Nf6 {[%clk 0:15:09]} 2. Bg2 {[%clk 0:15:12]}  c5 {[%clk 0:15:13]} 3. Nf3 {[%clk 0:15:11]}  Nc6 {[%clk 0:15:16]} 4. c4 {[%clk 0:15:14]}  d5 {[%clk 0:15:18]} 5. cxd5 {[%clk 0:15:10]}  Nxd5 {[%clk 0:15:09]} 6. Nc3 {[%clk 0:15:08]}  Nc7 {[%clk 0:15:24]} 7. O-O {[%clk 0:14:52]}  e5 {[%clk 0:15:27]} 8. d3 {[%clk 0:14:23]}  Be7 {[%clk 0:14:54]} 9. b3 {[%clk 0:13:40]}  O-O {[%clk 0:15:24]} 10. Bb2 {[%clk 0:13:44]}  Be6 {[%clk 0:15:10]} 11. Rc1 {[%clk 0:13:43]}  f6 {[%clk 0:15:01]} 12. Qd2 {[%clk 0:13:15]}  Qd7 {[%clk 0:14:31]} 13. Rfd1 {[%clk 0:13:14]}  Rfd8 {[%clk 0:11:47]} 14. Ne4 {[%clk 0:10:46]}  b6 {[%clk 0:13:32]} 15. h4 {[%clk 0:09:00]}  Bg4 {[%clk 0:13:23]} 16. Kh2 {[%clk 0:09:53]}  Ne6 {[%clk 0:12:04]} 17. a3 {[%clk 0:09:17]}  Rac8 {[%clk 0:11:43]} 18. Qe3 {[%clk 0:08:26]}  h5 {[%clk 0:10:17]} 19. Qd2 {[%clk 0:05:52]}  Na5 {[%clk 0:09:23]} 20. Rc3 {[%clk 0:05:38]}  Nd4 {[%clk 0:09:22]} 21. b4 {[%clk 0:02:07]}  Bxf3 {[%clk 0:08:56]} 22. exf3 {[%clk 0:01:25]}  cxb4 {[%clk 0:08:24]} 23. Rxc8 {[%clk 0:01:28]}  Rxc8 {[%clk 0:08:27]} 24. Bxd4 {[%clk 0:01:08]}  Qxd4 {[%clk 0:08:21]} 25. axb4 {[%clk 0:00:53]}  Qxb4 {[%clk 0:08:20]} 26. Qe2 {[%clk 0:00:22]}  g6 {[%clk 0:07:02]} 27. Bh3 {[%clk 0:00:00]} 0-1

[Event "Rapid Tournament (RAP)"]
[Site "Biel, CH"]
[Date "2025.07.13"]
[Round "1"]
[White "Sharif, Mehrshad"]
[Black "Tereshchenko, Eliza"]
[Result "1-0"]
[Board "7"]
[WhiteFideId "600121"]
[BlackFideId "34389890"]
[WhiteTitle "IM"]
[WhiteElo "2334"]
[BlackElo "1808"]
[WhiteTeam "FRA"]
[BlackTeam "FID"]
[WhiteClock "0:03:17"]
[BlackClock "0:00:20"]
[Variant "Standard"]

1. Nf3 {[%clk 0:15:07]}  d5 {[%clk 0:15:06]} 2. g3 {[%clk 0:15:11]}  Nf6 {[%clk 0:15:07]} 3. Bg2 {[%clk 0:15:15]}  e6 {[%clk 0:15:10]} 4. O-O {[%clk 0:15:17]}  Be7 {[%clk 0:15:11]} 5. c4 {[%clk 0:15:17]}  O-O {[%clk 0:15:12]} 6. b3 {[%clk 0:15:00]}  b6 {[%clk 0:14:21]} 7. Bb2 {[%clk 0:15:20]}  Bb7 {[%clk 0:14:16]} 8. cxd5 {[%clk 0:15:22]}  exd5 {[%clk 0:14:14]} 9. d4 {[%clk 0:15:23]}  c5 {[%clk 0:13:35]} 10. Nc3 {[%clk 0:15:23]}  Na6 {[%clk 0:13:31]} 11. Rc1 {[%clk 0:15:20]}  Rc8 {[%clk 0:13:01]} 12. e3 {[%clk 0:14:32]}  Re8 {[%clk 0:12:30]} 13. Ne5 {[%clk 0:13:57]}  Bf8 {[%clk 0:09:05]} 14. Re1 {[%clk 0:13:46]}  g6 {[%clk 0:08:30]} 15. Re2 {[%clk 0:13:09]}  Bg7 {[%clk 0:08:09]} 16. Na4 {[%clk 0:11:17]}  Nd7 {[%clk 0:05:51]} 17. Nxd7 {[%clk 0:10:42]}  Qxd7 {[%clk 0:05:54]} 18. dxc5 {[%clk 0:10:41]}  Bxb2 {[%clk 0:05:18]} 19. Rxb2 {[%clk 0:09:24]}  bxc5 {[%clk 0:03:24]} 20. Rd2 {[%clk 0:09:27]}  Red8 {[%clk 0:03:07]} 21. Bxd5 {[%clk 0:06:23]}  Bxd5 {[%clk 0:02:43]} 22. e4 {[%clk 0:06:26]}  Nb4 {[%clk 0:00:37]} 23. exd5 {[%clk 0:05:12]}  Nxd5 {[%clk 0:00:17]} 24. Rxc5 {[%clk 0:04:42]}  Rxc5 {[%clk 0:00:13]} 25. Nxc5 {[%clk 0:04:44]}  Qc6 {[%clk 0:00:11]} 26. b4 {[%clk 0:04:16]}  a5 {[%clk 0:00:12]} 27. Ne4 {[%clk 0:04:15]}  Kf8 {[%clk 0:00:07]} 28. bxa5 {[%clk 0:04:12]}  Rd7 {[%clk 0:00:08]} 29. a6 {[%clk 0:04:01]}  Nb6 {[%clk 0:00:06]} 30. Rxd7 {[%clk 0:03:54]}  Nxd7 {[%clk 0:00:08]} 31. Qd6+ {[%clk 0:03:32]}  Qxd6 {[%clk 0:00:10]} 32. Nxd6 {[%clk 0:03:35]}  Nb6 {[%clk 0:00:11]} 33. a7 {[%clk 0:03:31]}  Na8 {[%clk 0:00:14]} 34. Nc4 {[%clk 0:02:46]}  Ke8 {[%clk 0:00:09]} 35. a4 {[%clk 0:02:47]}  Kd7 {[%clk 0:00:07]} 36. a5 {[%clk 0:02:49]}  Kc6 {[%clk 0:00:08]} 37. Nb6 {[%clk 0:02:44]}  Kb7 {[%clk 0:00:09]} 38. Nxa8 {[%clk 0:02:47]}  Kxa8 {[%clk 0:00:13]} 39. Kg2 {[%clk 0:02:50]}  Kxa7 {[%clk 0:00:16]} 40. Kf3 {[%clk 0:02:54]}  Ka6 {[%clk 0:00:19]} 41. Ke4 {[%clk 0:02:58]}  f6 {[%clk 0:00:16]} 42. Kd5 {[%clk 0:03:03]}  Kxa5 {[%clk 0:00:14]} 43. Ke6 {[%clk 0:03:06]}  f5 {[%clk 0:00:17]} 44. Kf6 {[%clk 0:03:09]}  Kb5 {[%clk 0:00:20]} 45. Kg7 {[%clk 0:03:13]}  g5 {[%clk 0:00:17]} 46. Kxh7 {[%clk 0:03:15]}  f4 {[%clk 0:00:20]} 47. Kg6 {[%clk 0:03:17]} 1-0

[Event "Rapid Tournament (RAP)"]
[Site "Biel, CH"]
[Date "2025.07.13"]
[Round "1"]
[White "Groux, Mathias"]
[Black "Degtiarev, Evgeny"]
[Result "0-1"]
[Board "8"]
[WhiteFideId "1360752"]
[BlackFideId "4149610"]
[BlackTitle "IM"]
[WhiteElo "1804"]
[BlackElo "2331"]
[WhiteTeam "SUI"]
[BlackTeam "GER"]
[WhiteClock "0:04:59"]
[BlackClock "0:06:16"]
[Variant "Standard"]

1. e4 {[%clk 0:15:07]}  c5 {[%clk 0:15:07]} 2. a3 {[%clk 0:15:09]}  b6 {[%clk 0:14:11]} 3. Bc4 {[%clk 0:15:00]}  e6 {[%clk 0:13:59]} 4. d3 {[%clk 0:14:56]}  Bb7 {[%clk 0:14:01]} 5. f4 {[%clk 0:14:48]}  Nf6 {[%clk 0:11:21]} 6. Ba2 {[%clk 0:14:07]}  Be7 {[%clk 0:10:45]} 7. Nf3 {[%clk 0:14:34]}  d5 {[%clk 0:10:28]} 8. e5 {[%clk 0:13:21]}  Nfd7 {[%clk 0:10:31]} 9. Nc3 {[%clk 0:13:03]}  a6 {[%clk 0:09:43]} 10. O-O {[%clk 0:12:36]}  Nc6 {[%clk 0:09:43]} 11. Ng5 {[%clk 0:11:25]}  Bxg5 {[%clk 0:09:30]} 12. fxg5 {[%clk 0:11:16]}  Ndxe5 {[%clk 0:09:08]} 13. Ne2 {[%clk 0:10:44]}  Ng6 {[%clk 0:08:52]} 14. Nf4 {[%clk 0:10:31]}  Nxf4 {[%clk 0:08:43]} 15. Bxf4 {[%clk 0:10:34]}  Qd7 {[%clk 0:08:28]} 16. Qg4 {[%clk 0:09:11]}  O-O-O {[%clk 0:08:15]} 17. Qg3 {[%clk 0:08:37]}  f6 {[%clk 0:07:49]} 18. b4 {[%clk 0:08:20]}  e5 {[%clk 0:07:26]} 19. Be3 {[%clk 0:07:33]}  f5 {[%clk 0:07:30]} 20. Qf2 {[%clk 0:07:06]}  f4 {[%clk 0:07:26]} 21. Bd2 {[%clk 0:07:07]}  Qd6 {[%clk 0:06:45]} 22. Kh1 {[%clk 0:06:47]}  h6 {[%clk 0:06:42]} 23. bxc5 {[%clk 0:05:26]}  Qxc5 {[%clk 0:06:31]} 24. Qh4 {[%clk 0:05:11]}  hxg5 {[%clk 0:06:21]} 25. Qxg5 {[%clk 0:04:59]}  Rxh2+ {[%clk 0:06:16]} 0-1

[Event "Rapid Tournament (RAP)"]
[Site "Biel, CH"]
[Date "2025.07.13"]
[Round "1"]
[White "Gruenfeld, Yehuda"]
[Black "Grzeskowiak, Antoni"]
[Result "1/2-1/2"]
[Board "9"]
[WhiteFideId "2800020"]
[BlackFideId "41855531"]
[WhiteTitle "GM"]
[WhiteElo "2308"]
[BlackElo "1801"]
[WhiteTeam "ISR"]
[BlackTeam "POL"]
[WhiteClock "0:01:28"]
[BlackClock "0:01:32"]
[Variant "Standard"]

1. e4 {[%clk 0:15:07]}  d6 {[%clk 0:15:08]} 2. d4 {[%clk 0:15:08]}  Nf6 {[%clk 0:15:12]} 3. Nc3 {[%clk 0:15:11]}  g6 {[%clk 0:15:15]} 4. Be3 {[%clk 0:15:00]}  Bg7 {[%clk 0:15:19]} 5. Nf3 {[%clk 0:14:57]}  a6 {[%clk 0:15:13]} 6. Bd3 {[%clk 0:14:38]}  Nc6 {[%clk 0:15:08]} 7. Qd2 {[%clk 0:14:36]}  Ng4 {[%clk 0:14:43]} 8. O-O {[%clk 0:13:25]}  Nxe3 {[%clk 0:14:29]} 9. fxe3 {[%clk 0:13:29]}  b5 {[%clk 0:14:17]} 10. Rf2 {[%clk 0:13:31]}  O-O {[%clk 0:14:07]} 11. Raf1 {[%clk 0:13:34]}  h6 {[%clk 0:13:18]} 12. a4 {[%clk 0:13:38]}  bxa4 {[%clk 0:12:25]} 13. Nxa4 {[%clk 0:13:34]}  e5 {[%clk 0:12:21]} 14. c3 {[%clk 0:13:32]}  Bd7 {[%clk 0:12:20]} 15. Qd1 {[%clk 0:13:25]}  Qe8 {[%clk 0:12:05]} 16. Bc2 {[%clk 0:13:17]}  Na5 {[%clk 0:11:45]} 17. Nd2 {[%clk 0:13:15]}  Rb8 {[%clk 0:11:37]} 18. b4 {[%clk 0:11:41]}  Nc6 {[%clk 0:11:27]} 19. Nc4 {[%clk 0:11:36]}  Nxb4 {[%clk 0:09:21]} 20. cxb4 {[%clk 0:11:21]}  Rxb4 {[%clk 0:09:25]} 21. Nab2 {[%clk 0:11:20]}  exd4 {[%clk 0:09:23]} 22. exd4 {[%clk 0:11:21]}  c5 {[%clk 0:09:15]} 23. e5 {[%clk 0:07:12]}  dxe5 {[%clk 0:08:24]} 24. dxe5 {[%clk 0:04:43]}  Bb5 {[%clk 0:07:16]} 25. Bd3 {[%clk 0:04:47]}  Qe6 {[%clk 0:05:59]} 26. Qc2 {[%clk 0:04:46]}  h5 {[%clk 0:05:22]} 27. Re2 {[%clk 0:04:49]}  Rd8 {[%clk 0:05:07]} 28. Kh1 {[%clk 0:04:48]}  Rxd3 {[%clk 0:04:37]} 29. Qxd3 {[%clk 0:04:52]}  Rxb2 {[%clk 0:04:40]} 30. Rxb2 {[%clk 0:04:40]}  Bxc4 {[%clk 0:04:43]} 31. Qd8+ {[%clk 0:04:44]}  Kh7 {[%clk 0:04:45]} 32. Re1 {[%clk 0:04:41]}  Bxe5 {[%clk 0:03:56]} 33. Qg5 {[%clk 0:04:44]}  Bf6 {[%clk 0:03:05]} 34. Rxe6 {[%clk 0:04:40]}  Bxg5 {[%clk 0:03:08]} 35. Rc6 {[%clk 0:04:39]}  Be3 {[%clk 0:03:07]} 36. Rc2 {[%clk 0:04:28]}  Bb5 {[%clk 0:02:48]} 37. Rc7 {[%clk 0:04:33]}  Kg7 {[%clk 0:02:49]} 38. Rc3 {[%clk 0:04:37]}  Bd4 {[%clk 0:02:45]} 39. Rf3 {[%clk 0:04:40]}  Bc4 {[%clk 0:02:47]} 40. Ra3 {[%clk 0:04:17]}  Bb5 {[%clk 0:02:47]} 41. Rf3 {[%clk 0:04:08]}  Bc4 {[%clk 0:02:51]} 42. Ra7 {[%clk 0:04:08]}  Bd5 {[%clk 0:02:49]} 43. Rd3 {[%clk 0:04:06]}  Bc4 {[%clk 0:02:52]} 44. Rd1 {[%clk 0:04:09]}  Be2 {[%clk 0:02:49]} 45. Re1 {[%clk 0:04:07]}  Bc4 {[%clk 0:02:51]} 46. Ree7 {[%clk 0:04:08]}  Bd5 {[%clk 0:02:51]} 47. Rxa6 {[%clk 0:04:06]}  Bc4 {[%clk 0:02:48]} 48. Raa7 {[%clk 0:04:07]}  Bb3 {[%clk 0:02:51]} 49. Red7 {[%clk 0:04:06]}  Bc4 {[%clk 0:02:53]} 50. h3 {[%clk 0:03:50]}  Be6 {[%clk 0:02:55]} 51. Rd6 {[%clk 0:03:49]}  Bb3 {[%clk 0:02:58]} 52. Ra5 {[%clk 0:03:35]}  Be6 {[%clk 0:02:59]} 53. Rc6 {[%clk 0:03:20]}  Bd5 {[%clk 0:02:56]} 54. Rcxc5 {[%clk 0:03:20]}  Bxc5 {[%clk 0:02:59]} 55. Rxc5 {[%clk 0:03:24]}  Be6 {[%clk 0:03:03]} 56. Kg1 {[%clk 0:03:28]}  Bb3 {[%clk 0:02:51]} 57. Kf2 {[%clk 0:03:32]}  Be6 {[%clk 0:02:54]} 58. h4 {[%clk 0:03:35]}  Bb3 {[%clk 0:02:56]} 59. g3 {[%clk 0:03:39]}  Be6 {[%clk 0:02:59]} 60. Ke3 {[%clk 0:03:35]}  Bg4 {[%clk 0:03:01]} 61. Kd4 {[%clk 0:03:47]}  Be6 {[%clk 0:03:05]} 62. Ke5 {[%clk 0:03:51]}  Ba2 {[%clk 0:02:50]} 63. Kd6 {[%clk 0:03:40]}  Be6 {[%clk 0:02:46]} 64. Ke7 {[%clk 0:03:39]}  Bb3 {[%clk 0:03:14]} 65. Re5 {[%clk 0:03:16]}  Bc4 {[%clk 0:03:15]} 66. Re3 {[%clk 0:03:14]}  Ba2 {[%clk 0:03:17]} 67. Re4 {[%clk 0:03:07]}  Bd5 {[%clk 0:03:21]} 68. Rd4 {[%clk 0:03:10]}  Bb3 {[%clk 0:03:24]} 69. g4 {[%clk 0:03:13]}  hxg4 {[%clk 0:03:27]} 70. Rxg4 {[%clk 0:03:18]}  Be6 {[%clk 0:02:52]} 71. Ra4 {[%clk 0:03:16]}  Kh6 {[%clk 0:02:25]} 72. Ra5 {[%clk 0:03:16]}  Bb3 {[%clk 0:02:07]} 73. Kf6 {[%clk 0:03:20]}  Be6 {[%clk 0:01:09]} 74. Rg5 {[%clk 0:01:50]}  Bb3 {[%clk 0:01:48]} 75. h5 {[%clk 0:01:41]}  gxh5 {[%clk 0:01:27]} 76. Rg8 {[%clk 0:01:44]}  Bc2 {[%clk 0:01:30]} 77. Rh8 {[%clk 0:01:28]}  Bh7 {[%clk 0:01:32]} 1/2-1/2

[Event "Rapid Tournament (RAP)"]
[Site "Biel, CH"]
[Date "2025.07.13"]
[Round "1"]
[White "Hardt, Winfried"]
[Black "Vincenti, Leonardo"]
[Result "0-1"]
[Board "10"]
[WhiteFideId "1309293"]
[BlackFideId "28550820"]
[BlackTitle "CM"]
[WhiteElo "1798"]
[BlackElo "2283"]
[WhiteTeam "SUI"]
[BlackTeam "ITA"]
[WhiteClock "0:10:42"]
[BlackClock "0:14:02"]
[Variant "Standard"]

1. e4 {[%clk 0:15:05]}  e6 {[%clk 0:15:06]} 2. d4 {[%clk 0:15:05]}  d5 {[%clk 0:15:09]} 3. exd5 {[%clk 0:15:03]}  exd5 {[%clk 0:15:13]} 4. Bd3 {[%clk 0:15:01]}  Bd6 {[%clk 0:15:08]} 5. Ne2 {[%clk 0:14:43]}  Nf6 {[%clk 0:15:03]} 6. Bf4 {[%clk 0:14:30]}  O-O {[%clk 0:14:53]} 7. O-O {[%clk 0:14:19]}  Bg4 {[%clk 0:14:55]} 8. Bxd6 {[%clk 0:14:01]}  Qxd6 {[%clk 0:14:50]} 9. h3 {[%clk 0:13:43]}  Bh5 {[%clk 0:15:01]} 10. c3 {[%clk 0:13:37]}  Re8 {[%clk 0:14:53]} 11. Qc2 {[%clk 0:13:27]}  Nbd7 {[%clk 0:14:47]} 12. Nd2 {[%clk 0:13:12]}  Bxe2 {[%clk 0:14:48]} 13. Bxe2 {[%clk 0:13:10]}  Rxe2 {[%clk 0:14:52]} 14. Qd3 {[%clk 0:12:46]}  Rae8 {[%clk 0:14:49]} 15. Nf3 {[%clk 0:12:45]}  Rxb2 {[%clk 0:14:40]} 16. Rae1 {[%clk 0:12:15]}  Rxe1 {[%clk 0:14:35]} 17. Rxe1 {[%clk 0:12:19]}  Ne4 {[%clk 0:13:39]} 18. Ng5 {[%clk 0:11:17]}  Nxg5 {[%clk 0:14:28]} 19. Re8+ {[%clk 0:10:42]}  Nf8 {[%clk 0:14:02]} 0-1